[Event "South America-ch U18 13th"]
[Site "Santiago de Chile"]
[Date "2016.12.02"]
[Round "2"]
[White "Campos Cisterna, Marcelo Ivan"]
[Black "Requelme Romero, Jose"]
[Result "0-1"]
[WhiteElo "1628"]
[BlackElo "1830"]
[PlyCount "105"]
[EventDate "2016.12.01"]
[EventType "swiss"]
[EventRounds "9"]
[EventCountry "CHI"]
[SourceTitle "EXT 2018"]
[Source "ChessBase"]
[SourceDate "2017.10.13"]
[SourceVersion "1"]
[SourceVersionDate "2017.10.13"]
[SourceQuality "1"]

1. c4 Nf6 2. Nf3 g6 3. b3 Bg7 4. Bb2 0-0 5. g3 d5 6. Bg2 c5 7. 0-0 d4 8. d3 Nc6 9. e3 dxe3 10. fxe3 Bh6 11. Qe2 Ng4 12. Bc1 Bg7 13. Bb2 Bxb2 14. Qxb2 Nxe3 15. Re1 Nxg2 16. Kxg2 Qxd3 17. Nc3 Bh3+ 18. Kf2 Bg4 19. Re3 Qf5 20. Nd5 Rae8 21. Kg2 Bxf3+ 22. Rxf3 Qe5 23. Qc1 Qe2+ 24. Rf2 Qe4+ 25. Kg1 Nd4 26. Qf1 Nc6 27. Rf4 Qe5 28. Re1 Qd6 29. Qd3 Kg7 30. Rh4 Rh8 31. Qf1 Nb4 32. Re3 Nxd5 33. Rd3 Qf6 34. Rf3 Ne3 35. Rxf6 Nxf1 36. Rxf1 Rd8 37. Rhf4 Rhf8 38. Re4 e6 39. Rf2 Rd1+ 40. Kg2 Rfd8 41. Ref4 R8d7 42. Kh3 R1d4 43. R4f3 f5 44. Re2 Kf6 45. Rfe3 R7d6 46. Re5 b6 47. Kg2 Re4 48. R2xe4 fxe4 49. Rxe4 Rd2+ 50. Kh3 Rxa2 51. Rh4 h5 52. Rf4+ Ke7 53. Re4 0-1

[Event "South America-ch U18 13th"]
[Site "Santiago de Chile"]
[Date "2016.12.01"]
[Round "1"]
[White "Estrada Lavin, Cristian Alexan"]
[Black "Campos Cisterna, Marcelo Ivan"]
[Result "1-0"]
[WhiteElo "2080"]
[BlackElo "1628"]
[PlyCount "61"]
[EventDate "2016.12.01"]
[EventType "swiss"]
[EventRounds "9"]
[EventCountry "CHI"]
[SourceTitle "EXT 2018"]
[Source "ChessBase"]
[SourceDate "2017.10.13"]
[SourceVersion "1"]
[SourceVersionDate "2017.10.13"]
[SourceQuality "1"]

1. Nf3 Nf6 2. e3 g6 3. b3 d5 4. Bb2 Bg7 5. d4 0-0 6. Nbd2 c5 7. dxc5 Qa5 8. Bd3 Nc6 9. a3 Qxc5 10. 0-0 Re8 11. b4 Qb6 12. Nb3 e5 13. b5 e4 14. bxc6 exd3 15. cxd3 bxc6 16. Bd4 Qc7 17. Qc2 Bg4 18. Nfd2 Bd7 19. h3 Qc8 20. Rfc1 Bxh3 21. gxh3 Qxh3 22. Nf1 Qg4+ 23. Ng3 Qh3 24. Qe2 Rab8 25. Rab1 Ng4 26. Qf3 Qh2+ 27. Kf1 Qh3+ 28. Qg2 Qh4 29. Bxg7 Rxe3 30. Qh1 Nh2+ 31. Kg2 1-0